000 01065nam a2200265Ia 4500
003 OSt
005 20220930094841.0
006 a|||||r|||| 00| 0
007 ta
008 220926b |||||||| |||| 00| 0 hin d
024 _a21699
037 _cTheses
040 _aCRL
_cCRL
_bhin
041 _2hin
_ahin
100 _aहवासिंह
110 _aदिल्ली विश्वविद्यालय. कला संकाय. हिन्दी विभाग
245 0 _aसन्त पीपा के काव्य में भक्ति और समाज
246 _aSanta pīpā ke kāvya mean bhakti aur samāja
260 _c2013
650 _aहिन्दी साहित्य
700 _a डॉ. मुकेश गर्ग, गा.
_9556467
700 _aदिल्ली विश्वविद्यालय. कला संकाय. हिन्दी विभाग
942 _cDIS
_2CC
999 _c887776
_d887776